00824nam a2200253 i 4500001000300000003000900003005001700012008003900029015001700068040003500085080000800120080001200128100004200140245007500182250002800257260003100285300004700316380001600363504002400379655001300403650002500416710003200441856009700473bgKOSZ 00520191116121804.0071022s1968 pl a f f 000 0 pol aPB 1968/9397 aWA NcKOSZ 005/RWdKOSZ 005/RW a697 a(083.1)1 aPiotrowski, Janc(inżynier).eAutor10aPoradnik mechanika i palacza centralnego ogrzewania /cJan Piotrowski. aWyd. 3 uzup. i poszerz. aWarszawa :bArkady,c1968. a239, [1] s., [8] k. tabl. :bil. ;c25 cm. aKsiążki aBibliogr. s. [240]. 4aPoradnik 4aOgrzewanie centralne2 aWydawnictwo "Arkady".4pbl. uhttp://koha.tu.koszalin.pl/cgi-bin/koha/opac-detail.pl?biblionumber=7977yKatalog online BPK